|
|
|
|
| LEADER |
01912nam a2200505 i 4500 |
| 001 |
nkc20162778492 |
| 003 |
CZ PrNK |
| 005 |
20170317093958.0 |
| 007 |
ta |
| 008 |
160217s2016 xr a e c 000 0 cze |
| 020 |
|
|
|a 978-80-906382-0-4
|q (skládanka) :
|c Kč 25,00
|
| 040 |
|
|
|a BOA001
|b cze
|e rda
|
| 041 |
1 |
|
|a cze
|a eng
|h cze
|
| 043 |
|
|
|a e-xr---
|
| 045 |
|
|
|a x-y-
|
| 072 |
|
7 |
|a 74
|x Kresba. Umělecká řemesla
|2 Konspekt
|9 21
|
| 080 |
|
|
|a 748
|2 MRF
|
| 080 |
|
|
|a 7.036/.038
|2 MRF
|
| 080 |
|
|
|a (437.3)
|2 MRF
|
| 080 |
|
|
|a (083.824)
|2 MRF
|
| 100 |
1 |
|
|a Volráb, Marian,
|d 1961-
|7 jo2002157604
|4 art
|
| 245 |
1 |
0 |
|a Marian Volráb :
|b temnota ve skle - světlo v obrazech : Galerie Václava Chada ve Zlíně /
|c text: Miroslava Kupčíková ; překlad do angličtiny: Pavel Krutil
|
| 246 |
3 |
0 |
|a Temnota ve skle - světlo v obrazech
|
| 250 |
|
|
|a První vydání
|
| 264 |
|
1 |
|a Zlín :
|b Zlínský zámek o.p.s.,
|c 2016
|
| 300 |
|
|
|a 8 nečíslovaných stran :
|b barevné ilustrace ;
|c 21 cm
|
| 336 |
|
|
|a text
|b txt
|2 rdacontent
|
| 337 |
|
|
|a bez média
|b n
|2 rdamedia
|
| 338 |
|
|
|a svazek
|b nc
|2 rdacarrier
|
| 500 |
|
|
|a 250 výtisků
|
| 546 |
|
|
|a Souběžný anglický text
|
| 600 |
1 |
7 |
|a Volráb, Marian,
|d 1961-
|7 jo2002157604
|2 czenas
|
| 648 |
|
7 |
|a 20.-21. století
|7 ch462155
|2 czenas
|
| 650 |
0 |
7 |
|a umělecké sklo
|7 ph126905
|z Česko
|y 20.-21. století
|2 czenas
|
| 650 |
0 |
7 |
|a moderní umění
|7 ph115340
|z Česko
|2 czenas
|
| 655 |
|
7 |
|a katalogy výstav
|7 fd132536
|2 czenas
|
| 700 |
1 |
|
|a Ptáčková, Miroslava,
|d 1990-
|7 mzk2017946206
|4 wfw
|
| 700 |
1 |
|
|a Krutil, Pavel,
|d 1964-
|7 ola2003174875
|4 trl
|
| 710 |
2 |
|
|a Galerie Václava Chada (Zlín, Česko)
|7 mzk2015890378
|4 orm
|
| 910 |
2 |
|
|a BOA001
|b 2-1365.319
|
| 928 |
9 |
|
|a Galerie Václava Chada
|
| 990 |
|
|
|a BK
|
| 995 |
|
|
|a 61
|
| 991 |
|
|
|b 201604
|c NOV
|
| 996 |
6 |
|
|b 2610665698
|c 2-1365.319
|l MZK
|r Sklad / do 1 hodiny
|n 0
|p p.v.
|w 001554343
|u 000010
|a 1
|e BOA001
|j MZK50
|s P
|